[Event "Miedzyzdroje OB Seniors 24th"]
[Site "Miedzyzdroje"]
[Date "2016.06.18"]
[Round "2"]
[White "Joch, Horst"]
[Black "Grabczynski, Zdzislaw"]
[Result "0-1"]
[WhiteElo "1738"]
[BlackElo "1579"]
[PlyCount "75"]
[EventDate "2016.06.17"]
[EventType "swiss"]
[EventRounds "9"]
[EventCountry "POL"]
[SourceTitle "EXT 2019"]
[Source "ChessBase"]
[SourceDate "2018.10.10"]
[SourceVersion "1"]
[SourceVersionDate "2018.10.10"]
[SourceQuality "1"]

1. e4 d6 2. Bc4 Nf6 3. d3 g6 4. Nf3 Bg7 5. c3 c6 6. 0-0 0-0 7. Be3 b5 8. Bb3 a5 9. Qd2 a4 10. Bc2 Ng4 11. h3 Nxe3 12. fxe3 Qb6 13. d4 Nd7 14. b4 Qa7 15. a3 Nb6 16. Bd3 Bh6 17. e5 Nd5 18. Re1 f5 19. Qf2 f4 20. Qh4 Kg7 21. e4 Ne3 22. Nbd2 Be6 23. Nf1 Nc4 24. Ng5 Bxg5 25. Qxg5 h6 26. Qh4 Nxe5 27. Bc2 f3 28. Kh2 fxg2 29. Nd2 Nf3+ 30. Nxf3 Rxf3 31. Re2 Rxh3+ 32. Qxh3 Bxh3 33. Kxh3 Qd7+ 34. Kxg2 Qg4+ 35. Kf1 Rf8+ 36. Rf2 Qh3+ 37. Kg1 Rxf2 38. Kxf2 0-1

[Event "Miedzyzdroje OB Seniors 23rd"]
[Site "Miedzyzdroje"]
[Date "2015.06.24"]
[Round "8"]
[White "Karamucki, Henryk"]
[Black "Grabczynski, Zdzislaw"]
[Result "0-1"]
[WhiteElo "1412"]
[BlackElo "1633"]
[PlyCount "117"]
[EventDate "2015.06.17"]
[EventType "swiss"]
[EventRounds "8"]
[EventCountry "POL"]
[SourceTitle "EXT 2018"]
[Source "ChessBase"]
[SourceDate "2017.10.13"]
[SourceVersion "1"]
[SourceVersionDate "2017.10.13"]
[SourceQuality "1"]

1. f4 Nf6 2. Nf3 d6 3. e3 g6 4. d4 Bg7 5. Bd3 Nbd7 6. 0-0 0-0 7. Bd2 c5 8. c3 a6 9. Be1 b5 10. a3 c4 11. Bc2 Bb7 12. Nbd2 Ng4 13. Bf2 Nb6 14. h3 Nxf2 15. Rxf2 Nd5 16. Qe2 Qc7 17. Be4 f6 18. Nh2 Kh8 19. Bf3 Rae8 20. Ndf1 e5 21. Qd2 e4 22. Bd1 f5 23. g4 fxg4 24. hxg4 Bc8 25. Ng3 Qe7 26. Nhf1 Nf6 27. Nh2 d5 28. g5 Ng8 29. Bg4 h5 30. Bxc8 Rxc8 31. Nhf1 Qd7 32. Rh2 Qg4 33. Qe2 Qxe2 34. Nxe2 Ne7 35. Nfg3 Kg8 36. Kg2 a5 37. Rhh1 Rb8 38. Rhb1 b4 39. a4 h4 40. Nf1 Rb7 41. Kh3 Nf5 42. Ra2 Rfb8 43. Kg2 bxc3 44. Nxc3 Ne7 45. Kh3 Rb3 46. Nb5 Nf5 47. Ra3 Rb4 48. Nd2 Bf8 49. Ra2 Nxe3 50. Kxh4 Nf5+ 51. Kg4 Be7 52. b3 e3 53. Nf1 cxb3 54. Rab2 Rxa4 55. Rxb3 Rb4 56. Rxb4 Bxb4 57. Nc7 e2 58. Nd2 Rc8 59. Nxd5 0-1

[Event "Miedzyzdroje OB Seniors 23rd"]
[Site "Miedzyzdroje"]
[Date "2015.06.21"]
[Round "4"]
[White "Nietsch, Horst"]
[Black "Grabczynski, Zdzislaw"]
[Result "0-1"]
[WhiteElo "1885"]
[BlackElo "1633"]
[PlyCount "54"]
[EventDate "2015.06.17"]
[EventType "swiss"]
[EventRounds "8"]
[EventCountry "POL"]
[SourceTitle "EXT 2018"]
[Source "ChessBase"]
[SourceDate "2017.10.13"]
[SourceVersion "1"]
[SourceVersionDate "2017.10.13"]
[SourceQuality "1"]

1. Nf3 Nf6 2. g3 g6 3. b3 Bg7 4. Bb2 d6 5. Bg2 c6 6. 0-0 0-0 7. d3 Na6 8. Nbd2 Bd7 9. Rb1 Bg4 10. h3 Bd7 11. Kh2 e5 12. Ba3 Qc7 13. Nc4 c5 14. Bb2 b5 15. Ncd2 Bc6 16. a3 Nh5 17. e4 Qe7 18. Ng1 Nc7 19. Bf3 Nf6 20. Bg2 Ne6 21. f4 Nd7 22. f5 Nd8 23. g4 f6 24. fxg6 hxg6 25. Ndf3 g5 26. Qd2 Ne6 27. Ne2 Qe8 0-1

[Event "Miedzyzdroje OB Seniors 23rd"]
[Site "Miedzyzdroje"]
[Date "2015.06.17"]
[Round "1"]
[White "Grabczynski, Zdzislaw"]
[Black "Scheide, Helmut"]
[Result "0-1"]
[WhiteElo "1633"]
[BlackElo "1949"]
[PlyCount "76"]
[EventDate "2015.06.17"]
[EventType "swiss"]
[EventRounds "8"]
[EventCountry "POL"]
[SourceTitle "EXT 2018"]
[Source "ChessBase"]
[SourceDate "2017.10.13"]
[SourceVersion "1"]
[SourceVersionDate "2017.10.13"]
[SourceQuality "1"]

1. d4 Nf6 2. c4 e6 3. a3 d5 4. Nc3 b6 5. Bg5 Bb7 6. f4 Be7 7. Nf3 dxc4 8. e3 Nd5 9. Bxe7 Qxe7 10. Qd2 Nxc3 11. bxc3 Bd5 12. Be2 Nc6 13. 0-0 Na5 14. Bd1 Nb3 15. Bxb3 cxb3 16. Qb2 a5 17. a4 b5 18. Nd2 bxa4 19. Rxa4 Bc6 20. Ra3 a4 21. c4 0-0 22. c5 Qd7 23. Nc4 Qd5 24. Ne5 Bb5 25. Re1 f6 26. Nf3 Qe4 27. Nd2 Qg6 28. g3 h5 29. Kf2 Rab8 30. h3 Bc6 31. Rg1 Qd3 32. g4 hxg4 33. hxg4 e5 34. f5 Rfd8 35. Nf3 Bxf3 36. Kxf3 Rxd4 37. Re1 Qe4+ 38. Kf2 Rc4 0-1

[Event "Jastrzebia Gora Fianchetto op"]
[Site "Jastrzebia Gora"]
[Date "2014.??.??"]
[Round "5"]
[White "Grobelna, Ewa"]
[Black "Grabczynski, Zdzislaw"]
[Result "1/2-1/2"]
[WhiteElo "1528"]
[BlackElo "1716"]
[PlyCount "58"]
[EventDate "2014.08.31"]
[EventType "swiss"]
[EventRounds "9"]
[EventCountry "POL"]
[SourceTitle "CBM 162 Extra"]
[Source "ChessBase"]
[SourceDate "2014.10.17"]
[SourceVersion "1"]
[SourceVersionDate "2014.10.17"]
[SourceQuality "1"]

1. d4 Nf6 2. Nc3 g6 3. e4 d6 4. Bd3 Bg7 5. h3 c6 6. Nf3 0-0 7. 0-0 b5 8. a3 a5 9. Ne2 Bb7 10. Ng3 Nbd7 11. c3 Kh8 12. Qe1 Ng8 13. Bg5 f6 14. Bd2 e5 15. Rc1 Nb6 16. Bb1 c5 17. Be3 Nc4 18. Qe2 Nxe3 19. fxe3 cxd4 20. exd4 exd4 21. Nxd4 b4 22. Ne6 Qb6+ 23. Nd4 b3 24. Kh2 a4 25. Bd3 Ba6 26. Bxa6 Qxa6 27. Qxa6 Rxa6 28. Ne6 Re8 29. Nxg7 Kxg7 1/2-1/2

[Event "Polanica Zdroj op Seniors 44th"]
[Site "Polanica Zdroj"]
[Date "2008.08.25"]
[Round "7.10"]
[White "Wojtowicz, Mieczyslaw"]
[Black "Grabczynski, Zdzislaw"]
[Result "0-1"]
[WhiteElo "1824"]
[BlackElo "1801"]
[PlyCount "82"]
[EventDate "2008.08.19"]
[EventType "swiss"]
[EventRounds "9"]
[EventCountry "POL"]
[SourceTitle "EXT 2023"]
[Source "ChessBase"]
[SourceDate "2022.10.05"]
[SourceVersion "1"]
[SourceVersionDate "2022.10.05"]
[SourceQuality "1"]

1. e4 d6 2. Nf3 g6 3. d4 Bg7 4. Bd3 Nc6 5. c3 Nf6 6. 0-0 0-0 7. Be3 e5 8. d5 Ne7 9. c4 Kh8 10. Nc3 Ng4 11. Bd2 f5 12. h3 Nf6 13. Bg5 h6 14. Bxf6 Rxf6 15. Rc1 a6 16. b4 a5 17. b5 b6 18. a4 Qf8 19. Qe2 Qf7 20. Nd1 f4 21. Rc3 g5 22. Nh2 h5 23. f3 Ng8 24. Nf2 Nh6 25. Qd1 Bd7 26. Be2 Rg8 27. Re1 Rg6 28. Kf1 Bf6 29. Ra3 R8g7 30. Rc3 Kg8 31. Ra3 Kf8 32. Rd3 Ke7 33. Ra3 Qg8 34. Rc3 g4 35. hxg4 Bh4 36. Rd3 Bxf2 37. Kxf2 hxg4 38. fxg4 Bxg4 39. Rd2 Bxe2 40. Rexe2 Rxg2+ 41. Ke1 Rxh2 0-1

[Event "Polanica Zdroj op Seniors 44th"]
[Site "Polanica Zdroj"]
[Date "2008.08.24"]
[Round "6.7"]
[White "Grabczynski, Zdzislaw"]
[Black "Olszewski, Jerzy"]
[Result "0-1"]
[WhiteElo "1801"]
[BlackElo "1901"]
[PlyCount "86"]
[EventDate "2008.08.19"]
[EventType "swiss"]
[EventRounds "9"]
[EventCountry "POL"]
[SourceTitle "EXT 2023"]
[Source "ChessBase"]
[SourceDate "2022.10.05"]
[SourceVersion "1"]
[SourceVersionDate "2022.10.05"]
[SourceQuality "1"]

1. d4 d5 2. c4 c6 3. Nc3 Nf6 4. e3 g6 5. Nf3 Bg7 6. h3 Nbd7 7. Be2 Nb6 8. c5 Nbd7 9. b4 a6 10. a4 Qc7 11. a5 e5 12. 0-0 0-0 13. dxe5 Nxe5 14. Nd4 Re8 15. Na4 Ned7 16. Bb2 Ne4 17. Qc2 f5 18. Nf3 Ne5 19. Nxe5 Bxe5 20. Bxe5 Qxe5 21. Nb6 Rb8 22. Rac1 Be6 23. Rfe1 Rbd8 24. Bf1 Re7 25. Bd3 Bf7 26. Rcd1 Rde8 27. f3 Nf6 28. f4 Qc7 29. Qc3 Nd7 30. Bf1 Re6 31. Na4 Nf6 32. Nb2 Qe7 33. Rd3 Nh5 34. Kf2 Nxf4 35. Rdd1 Nh5 36. g4 Qh4+ 37. Kg1 fxg4 38. hxg4 Qxg4+ 39. Bg2 Qg3 40. Qd4 Re4 41. Qd2 Nf4 42. Nd3 Nxd3 43. Qxd3 Rxe3 0-1

[Event "Polanica Zdroj op Seniors 44th"]
[Site "Polanica Zdroj"]
[Date "2008.08.20"]
[Round "1.9"]
[White "Karolak, Jan"]
[Black "Grabczynski, Zdzislaw"]
[Result "1-0"]
[WhiteElo "1950"]
[BlackElo "1801"]
[PlyCount "79"]
[EventDate "2008.08.19"]
[EventType "swiss"]
[EventRounds "9"]
[EventCountry "POL"]
[SourceTitle "EXT 2023"]
[Source "ChessBase"]
[SourceDate "2022.10.05"]
[SourceVersion "1"]
[SourceVersionDate "2022.10.05"]
[SourceQuality "1"]

1. Nf3 Nf6 2. g3 g6 3. Bg2 Bg7 4. d3 0-0 5. 0-0 d6 6. c3 e5 7. e4 Nc6 8. Bg5 h6 9. Bd2 Be6 10. h3 Qd7 11. Kh2 Kh7 12. Ng1 Ng8 13. f4 f5 14. exf5 gxf5 15. b4 Rab8 16. b5 Nce7 17. a4 Bd5 18. Nf3 e4 19. dxe4 Bxe4 20. Be3 c5 21. Bxc5 Nc8 22. Bd4 Nf6 23. Nbd2 Rg8 24. Nh4 Bxg2 25. Kxg2 b6 26. Qf3 d5 27. Be5 Nd6 28. Bxd6 Qxd6 29. Nxf5 Qe6 30. Nd4 Qf7 31. Rae1 Rbe8 32. Re5 Qg6 33. Rfe1 Rd8 34. Re6 Rd7 35. R1e2 Kh8 36. Nc6 Qc2 37. Ne5 Rc7 38. Rc6 Rxc6 39. bxc6 Re8 40. Ndc4 1-0

[Event "POL-ch disabled"]
[Site "Chotowa"]
[Date "2007.05.29"]
[Round "5.15"]
[White "Grabczynski, Zdzislaw"]
[Black "Chmielowski, Stefan"]
[Result "0-1"]
[WhiteElo "1945"]
[BlackElo "956"]
[PlyCount "72"]
[EventDate "2007.05.26"]
[EventType "swiss"]
[EventRounds "9"]
[EventCountry "POL"]
[SourceTitle "EXT 2023"]
[Source "ChessBase"]
[SourceDate "2022.10.05"]
[SourceVersion "1"]
[SourceVersionDate "2022.10.05"]
[SourceQuality "1"]

1. d4 d5 2. c4 e6 3. a3 c6 4. Nc3 Be7 5. Nf3 Bf6 6. Bf4 Ne7 7. e3 Ng6 8. Bg3 Nd7 9. c5 b5 10. b4 a5 11. Bd3 a4 12. Rc1 0-0 13. h4 Re8 14. h5 Ngf8 15. Bb1 e5 16. dxe5 Nxe5 17. Nd4 Bd7 18. Qc2 Nc4 19. Qd3 Nxa3 20. Nxd5 cxd5 21. c6 Bc8 22. 0-0 Nxb1 23. Rxb1 Bxd4 24. Qxd4 Bf5 25. Rbc1 Ne6 26. Qc3 Nc7 27. Be5 f6 28. Bd4 Rc8 29. h6 Ne6 30. hxg7 Nxd4 31. Qxd4 Re4 32. Qd3 Bg6 33. Qxb5 Rh4 34. g3 Rh5 35. Rfd1 Be4 36. Kf1 Bf3 0-1